000 00434nam a2200133Ia 4500
005 20260328101450.0
008 260328s9999||||xx |||||||||||||| ||und||
100 _aMendoza, Sandra Reina
245 0 _aTraza Urbana y Arquitectura en los pueblos de indios del Altiplano Cundiboyacense :
_b Siglo XVI a XVIII /
_cSandra Reina Mendoza
260 _bUniversidad Nacional de Colombia
300 _a264 p.
650 _aURBANISMO
942 _cBK
999 _c8601
_d8601